Razón, verdad y anhelo en la filosofía política contemporánea.
Guardat en:
| Autor principal: | |
|---|---|
| Format: | Llibre |
| Idioma: | Undetermined |
| Publicat: |
San José, Costa Rica
Universidad de Costa Rica, Facultad de Letras, Escuela de Filosofía
2015
|
| Matèries: | |
| Etiquetes: |
Afegir etiqueta
Sense etiquetes, Sigues el primer a etiquetar aquest registre!
|
MARC
| LEADER | 00000nam a2200000Ia 4500 | ||
|---|---|---|---|
| 008 | 170316s9999 xx 000 0 und d | ||
| 040 | |a cru BVZT | ||
| 090 | |a TESIS 906 | ||
| 100 | |a Acuña Mora, Alejandro; Calderón Fonseca, Beatriz; Cedeño Camacho, Mauricio; Monge Montero, Hugo Anto | ||
| 245 | |a Razón, verdad y anhelo en la filosofía política contemporánea. | ||
| 260 | |a San José, Costa Rica | ||
| 260 | |b Universidad de Costa Rica, Facultad de Letras, Escuela de Filosofía | ||
| 260 | |c 2015 | ||
| 300 | |a 143 páginas | ||
| 650 | |a TRABAJO FINAL DE GRADUACIÓN | ||
| 650 | |a SEMINARIO DE GRADUACIÓN - LICENCIATURA EN FILOSOFÍA | ||
| 650 | |a FILOSOFÍA POLÍTICA | ||
| 650 | |a LIBERALISMO | ||
| 650 | |a JOHN RAWLS | ||
| 650 | |a FILOSOFÍA POLÍTICA CONTEMPORÁNEA | ||
| 999 | |c 14568 |d 14568 | ||
| 942 | |c TFG |h TESIS 906 |2 z | ||
